000
00277nam a22001337a 4500
008
180221b xxu||||| |||| 00| 0 eng d
020
_a
9780471717867
041
_a
eng
080
_a
91
100
_a
42
101
_a
GEO
245
_a
REGIONS
_c
MU7LLER.P.O
942
_2
udc
_c
BK
999
_c
43074
_d
43074